00556nam a2200169Ia 4500008004100000020001500041041001200056082001600068100001300084245003200097260003700129300000800166650001900174942000700193999001500200952017100215221030s9999 xx 000 0 und d a8125904824 aEnglish a105.23bSin aS. Singh 0aLinear Algebracby S. Singh bVikas Pub HouseaNew Delhic2005 a442 aBE Mathematics cBK c2110d2110 pBE 7668g210.00l0o105.23 Sinr2024-06-13 00:00:00w2022-10-30yBK003Print4070aMIETLIBbMIETLIBcBL-Academic Block- A, FL-1, CUP-3, SH-1, R-1d2005-04-2710HBE